000 01016cam a22002897a 4500
003 CHAP
005 20220329142401.0
008 001020d1994 ec a r 00110 esp d
010 _a82691
011 _a83663
020 _a9978040552
035 _a94178
040 _cCHAP
082 0 4 _a341.481
_bC4
110 2 _aCentro para Derechos Económicos y Sociales. Quito, Ecuador
_921258
245 1 0 _aViolaciones de derechos en la amazonia ecuatoriana :
_blas consecuencias humanas del desarrollo petrolero
_c/por Centro para Derechos Económicos y Sociales
260 _aQuito, Ecuador :
_bAbya-Yala,
_c1994.
300 _a190 p. :
_bilus. ; mapas
590 _aBATCH-UPD
_b10
_c20130110
_lUCH01
_h0625
590 _aCONVERSION
_b10
_c20130109
_lUCH01
_h1346
650 1 4 _aDerechos humanos
_xEcuador.
_931922
650 1 4 _aIndios de Ecuador
_xLeyes.
_957608
901 _aBK
905 _aLilia Sánchez G.
942 _cLIBRO
949 _a341.481 C4
_bBC
_cLIBRO
_d33724000805891
_eLIBRO
_gI.c/e
_h98993
_i94178
_si
_t$19.22
999 _c82691
_d82691